[Event "Koge Bugt Vinter 2010"]
[Site "Solrod"]
[Date "2010.01.20"]
[Round "1.1"]
[White "Nielsen, Jan Mose"]
[Black "Forsmann, Henning"]
[Result "1-0"]
[WhiteElo "2128"]
[BlackElo "1770"]
[PlyCount "77"]
[EventDate "2010.??.??"]
[WhiteTeam "Tåstrup Skakforening"]
[BlackTeam "Solrød Skakklub"]

1. e4 c6 2. d4 d5 3. e5 Bf5 4. Nc3 e6 5. g4 Bg6 6. Nge2 h6 7. Nf4 Bh7 8. Bd3
Bxd3 9. Qxd3 Nd7 10. Be3 Qe7 11. a3 O-O-O 12. h4 Nb6 13. b3 g6 14. a4 Qc7 15.
a5 Nd7 16. Ra4 a6 17. b4 Be7 18. Ke2 Nf8 19. Rb1 Bxh4 20. b5 cxb5 21. Nxb5 axb5
22. Rxb5 Ne7 23. a6 b6 24. a7 Kb7 25. Qa3 Ra8 26. Nd3 Nd7 27. Nc5+ Kc8 28. Nd3
Nc6 29. c4 dxc4 30. Rxc4 Rxa7 31. Qc3 Ra2+ 32. Kf3 Kb7 33. Nb4 Ra5 34. Nxc6
Rxb5 35. Na5+ Rxa5 36. Rxc7+ Kb8 37. Rxd7 Rc8 38. Qb4 Ra6 39. Qb5 1-0

[Event "Koge Bugt Vinter 2010"]
[Site "Solrod"]
[Date "2010.01.20"]
[Round "1.2"]
[White "Refsgaard, Kaj"]
[Black "Christensen, Verner"]
[Result "0-1"]
[WhiteElo "1797"]
[BlackElo "1978"]
[PlyCount "60"]
[EventDate "2010.??.??"]
[WhiteTeam "Jernbanens Skakklub"]
[BlackTeam "Solrød Skakklub"]

1. d4 f5 2. Nf3 Nf6 3. c4 e6 4. g3 d5 5. cxd5 exd5 6. Bg2 c6 7. O-O Be7 8. Nc3
O-O 9. Qc2 Ne4 10. Ne5 Nd7 11. f4 Ndf6 12. Nxe4 fxe4 13. Bd2 Bf5 14. Qb3 Qb6
15. Qxb6 axb6 16. h3 Rfd8 17. g4 Bd7 18. g5 Nh5 19. Nxd7 Rxd7 20. Kh2 c5 21. e3
cxd4 22. exd4 Rc7 23. a3 Rc2 24. Bc1 Rac8 25. h4 R8c4 26. f5 Bd6+ 27. Kg1 Rxd4
28. f6 gxf6 29. gxf6 Kf7 30. Rf2 Bh2+ 0-1

[Event "Koge Bugt Vinter 2010"]
[Site "Solrod"]
[Date "2010.01.20"]
[Round "1.3"]
[White "Pondal, Jesper"]
[Black "Sørensen, Aron Frank"]
[Result "0-1"]
[WhiteElo "1821"]
[BlackElo "1573"]
[PlyCount "34"]
[EventDate "2010.??.??"]
[WhiteTeam "Køge Skakklub"]
[BlackTeam "Solrød Skakklub"]

1. d4 d5 2. Nf3 Nf6 3. c4 c6 4. e3 Bf5 5. Nc3 e6 6. Be2 Nbd7 7. O-O Qc7 8. b3
Be7 9. Bb2 O-O-O 10. a4 h5 11. c5 Ng4 12. g3 h4 13. Kg2 hxg3 14. hxg3 Ndf6 15.
Rh1 Ne4 16. Nxe4 Bxe4 17. Bd3 Rxh1 0-1

[Event "Koge Bugt Vinter 2010"]
[Site "Solrod"]
[Date "2010.01.20"]
[Round "1.4"]
[White "Johannsen, Bjørn"]
[Black "Krogh, Peter Ove"]
[Result "0-1"]
[WhiteElo "1553"]
[BlackElo "1918"]
[PlyCount "54"]
[EventDate "2010.??.??"]
[WhiteTeam "Haslev Skakklub"]
[BlackTeam "Køge Skakklub"]

1. d4 Nf6 2. Bf4 e6 3. e3 c5 4. c3 b6 5. Nf3 Bb7 6. Nbd2 Nh5 7. Bg3 Be7 8. Bd3
f5 9. Qe2 O-O 10. Bxb8 Rxb8 11. Rg1 Nf6 12. h3 Be4 13. Ne5 Bxd3 14. Qxd3 Rc8
15. Qc2 d6 16. Nef3 d5 17. Ne5 Bd6 18. Nef3 Ne4 19. O-O-O c4 20. g4 b5 21. a3
a5 22. Ne1 b4 23. axb4 axb4 24. Nxe4 fxe4 25. f4 bxc3 26. bxc3 Ra8 27. Qb2 Qa5
0-1

[Event "Koge Bugt Vinter 2010"]
[Site "Solrod"]
[Date "2010.01.20"]
[Round "1.5"]
[White "Larsen, Jan Robert"]
[Black "Larsen, Poul M"]
[Result "1-0"]
[WhiteElo "1788"]
[BlackElo "1537"]
[PlyCount "45"]
[EventDate "2010.??.??"]
[WhiteTeam "Vordingborg Skakklub"]
[BlackTeam "Haslev Skakklub"]

1. e4 c6 2. d4 d5 3. Nc3 dxe4 4. Nxe4 Bf5 5. Ng3 Bg6 6. h4 h5 7. Nf3 e6 8. Bc4
Nd7 9. Qe2 Ngf6 10. Bg5 Be7 11. O-O-O Qc7 12. Rhe1 O-O-O 13. Kb1 Kb8 14. Bd3
Bxd3 15. Rxd3 Nd5 16. Rb3 Nf4 17. Qd2 Bxg5 18. Nxg5 Nc5 19. Rf3 f6 20. Qxf4 e5
21. dxe5 fxe5 22. Qe3 Qd6 23. a3 1-0

[Event "Koge Bugt Vinter 2010"]
[Site "Solrod"]
[Date "2010.01.20"]
[Round "1.6"]
[White "Hansen, Erik Levin"]
[Black "Nielsen, Kai Gylling"]
[Result "1-0"]
[WhiteElo "1486"]
[BlackElo "1890"]
[PlyCount "97"]
[EventDate "2010.??.??"]
[WhiteTeam "Haslev Skakklub"]
[BlackTeam "Roskilde Skakklub"]

1. e4 e5 2. f4 exf4 3. Nf3 Be7 4. d4 Bh4+ 5. Ke2 d6 6. Bxf4 b6 7. Kd2 Be7 8.
Bd3 Nf6 9. Nc3 O-O 10. Qe2 Re8 11. Rae1 Bb7 12. g4 Nbd7 13. Kc1 a6 14. h4 b5
15. Qg2 b4 16. Nb1 c5 17. Nbd2 cxd4 18. h5 Nc5 19. g5 Nxd3+ 20. cxd3 Nd7 21. g6
Nc5 22. Qf1 Rc8 23. Kb1 Bf6 24. Nc4 Rc6 25. gxf7+ Kxf7 26. e5 dxe5 27. Nfxe5+
Kg8 28. Nxc6 Bxc6 29. Rxe8+ Qxe8 30. Nd6 Qe6 31. Rg1 b3 32. h6 g6 33. a3 Be7
34. Qe1 Qd7 35. Qe5 Bxd6 36. Qxd6 Qxd6 37. Bxd6 Nxd3 38. Rf1 Nf2 39. Rxf2 Be4+
40. Kc1 Bf5 41. Kd2 Kf7 42. Be5 d3 43. Rxf5+ gxf5 44. Kxd3 Ke6 45. Kd4 a5 46.
Bc7 Kf6 47. Bxa5 Kg5 48. Bd2+ f4 49. a4 1-0

[Event "Koge Bugt Vinter 2010"]
[Site "Solrod"]
[Date "2010.01.20"]
[Round "1.7"]
[White "Øllgaard, Lars"]
[Black "Meyer, Johannes S. August "]
[Result "1/2-1/2"]
[WhiteElo "1485"]
[BlackElo "1379"]
[PlyCount "47"]
[EventDate "2010.??.??"]
[WhiteTeam "Solrød Skakklub"]
[BlackTeam "Solrød Skakklub"]

1. e4 c6 2. Nc3 d5 3. exd5 cxd5 4. d4 Nf6 5. Nf3 e6 6. Bf4 Nc6 7. Nb5 Bb4+ 8.
c3 Ba5 9. Nd6+ Ke7 10. Ng5 Qb6 11. b4 Bxb4 12. cxb4 Qxb4+ 13. Qd2 Qxd4 14. Qxd4
Nxd4 15. Rc1 Nc6 16. Ndxf7 e5 17. Nxe5 Re8 18. Be2 Nd4 19. Rc7+ Kf8 20. Kd2 h6
21. Ngf3 Ne4+ 22. Ke1 Ne6 23. Rf7+ Kg8 24. Bb5 1/2-1/2

[Event "Koge Bugt Vinter 2010"]
[Site "Solrod"]
[Date "2010.01.20"]
[Round "1.8"]
[White "Kirkebække, Mark"]
[Black "Nielsen, Steen"]
[Result "1-0"]
[WhiteElo "1355"]
[BlackElo "1431"]
[PlyCount "113"]
[EventDate "2010.??.??"]
[WhiteTeam "Tåstrup Skakforening"]
[BlackTeam "Solrød Skakklub"]

1. e4 c5 2. Nc3 d6 3. Bc4 e6 4. d3 Nc6 5. a3 Be7 6. f4 Nf6 7. Nf3 O-O 8. e5
dxe5 9. fxe5 Ng4 10. Qe2 a6 11. Ne4 Ngxe5 12. Ba2 Nxf3+ 13. Qxf3 Nd4 14. Qf2 b6
15. Bf4 Bb7 16. O-O-O Rc8 17. h4 Bd5 18. Bxd5 Qxd5 19. Kb1 Rfd8 20. g4 c4 21.
Nc3 Qb7 22. dxc4 Rxc4 23. Rh3 Qc6 24. Rhd3 Bc5 25. Ne2 Rxc2 26. Rxd4 Bxd4 27.
Rxd4 Rc8 28. Qe3 Qb5 29. Rb4 Qxe2 30. Qxe2 Rxe2 31. Rxb6 h6 32. Rxa6 Rb8 33. b4
Rd8 34. Kc1 Re4 35. Bh2 Rxg4 36. b5 Rxh4 37. b6 Rxh2 38. b7 Rh1+ 39. Kc2 Rh2+
40. Kc3 Rh3+ 41. Kc4 Rh4+ 42. Kc5 Rd5+ 43. Kb6 Rd6+ 44. Ka7 Rd7 45. Ka8 Rd8+
46. Ka7 Rd7 47. Ka8 Rxb7 48. Kxb7 e5 49. a4 e4 50. Ra8+ Kh7 51. a5 e3 52. Re8
Rb4+ 53. Kc6 Ra4 54. Kb5 Ra3 55. Kb4 Rd3 56. a6 Rd6 57. a7 1-0

[Event "Koge Bugt Vinter 2010"]
[Site "Solrod"]
[Date "2010.01.20"]
[Round "1.9"]
[White "Krag-Jacobsen, Alan"]
[Black "Jørgensen, Leif"]
[Result "0-1"]
[WhiteElo "1429"]
[BlackElo "1710"]
[PlyCount "62"]
[EventDate "2010.??.??"]
[WhiteTeam "Solrød Skakklub"]
[BlackTeam "Solrød Skakklub"]

1. e4 e5 2. Nf3 Nc6 3. Bb5 d6 4. c3 Bd7 5. O-O Nf6 6. Re1 a6 7. Ba4 Be7 8. d4
Bg4 9. Nbd2 b5 10. Bc2 exd4 11. cxd4 Nxd4 12. Bb1 O-O 13. h3 Nxf3+ 14. Nxf3 Bc8
15. b3 Bb7 16. Bb2 c5 17. Bd3 Re8 18. Rc1 Rc8 19. Nd2 d5 20. e5 Nd7 21. Qh5 Nf8
22. f4 c4 23. Bb1 Bb4 24. Bc3 Bxc3 25. Rxc3 d4 26. Rcc1 c3 27. Ne4 Bxe4 28.
Bxe4 d3 29. Red1 Qd4+ 30. Kh2 Qxe4 31. Rg1 Qxf4+ 0-1

[Event "Koge Bugt Vinter 2010"]
[Site "Solrod"]
[Date "2010.01.20"]
[Round "1.10"]
[White "Jensen, Carsten"]
[Black "Krog-Jensen, Werner"]
[Result "1-0"]
[WhiteElo "1109"]
[BlackElo "1424"]
[PlyCount "69"]
[EventDate "2010.??.??"]
[WhiteTeam "Enkeltmedlemmer"]
[BlackTeam "Solrød Skakklub"]

1. e4 d6 2. Nf3 e5 3. Be2 Nf6 4. Nc3 Nbd7 5. d4 exd4 6. Nxd4 Ne5 7. Bg5 Be7 8.
O-O O-O 9. h3 Nxe4 10. Bxe7 Nxc3 11. Bxd8 Nxd1 12. Bxc7 Nxb2 13. Bxd6 Re8 14.
Nb5 Re6 15. Rab1 Nbc4 16. Bxc4 Nxc4 17. Nc7 Rxd6 18. Rfe1 Be6 19. Nxa8 Rc6 20.
Rxb7 h6 21. Rxa7 g5 22. Nc7 Bf5 23. Nd5 Re6 24. Rxe6 Bxe6 25. Nb4 f5 26. a4 h5
27. Re7 Bf7 28. Nc6 Kf8 29. Rc7 h4 30. Rc8+ Kg7 31. Ne7 Kf6 32. Rc7 g4 33. Nxf5
Na5 34. hxg4 Be8 35. Nxh4 1-0

[Event "Koge Bugt Vinter 2010"]
[Site "Solrod"]
[Date "2010.01.27"]
[Round "2.1"]
[White "Sørensen, Aron Frank"]
[Black "Nielsen, Jan Mose"]
[Result "0-1"]
[WhiteElo "1573"]
[BlackElo "2128"]
[PlyCount "80"]
[EventDate "2010.??.??"]
[WhiteTeam "Solrød Skakklub"]
[BlackTeam "Tåstrup Skakforening"]

1. d4 Nf6 2. c4 c5 3. d5 b5 4. cxb5 a6 5. f3 axb5 6. e4 Qa5+ 7. Bd2 b4 8. Na3
Qa4 9. Nc4 Qxd1+ 10. Kxd1 Ra7 11. Nh3 d6 12. Nf2 Nbd7 13. f4 g6 14. a4 Bg7 15.
Be2 Ba6 16. a5 O-O 17. Kc2 Rfa8 18. Rhe1 Bxc4 19. Bxc4 Rxa5 20. Rxa5 Rxa5 21.
e5 dxe5 22. fxe5 Ne8 23. Nd3 Nb6 24. Kb3 Bf8 25. Be3 Nc7 26. Bxc5 Ncxd5 27.
Bxb4 Nxb4 28. Nxb4 e6 29. Bf1 g5 30. Nd3 Kg7 31. g4 Nd7 32. Kc3 Nb6 33. Bg2 Be7
34. Rb1 f6 35. b4 Ra3+ 36. Kc2 fxe5 37. Nc5 Nc4 38. Rb3 Ne3+ 39. Rxe3 Rxe3 40.
Nxe6+ Kf6 0-1

[Event "Koge Bugt Vinter 2010"]
[Site "Solrod"]
[Date "2010.01.27"]
[Round "2.2"]
[White "Krogh, Peter Ove"]
[Black "Hansen, Erik Levin"]
[Result "1-0"]
[WhiteElo "1918"]
[BlackElo "1486"]
[PlyCount "63"]
[EventDate "2010.??.??"]
[WhiteTeam "Køge Skakklub"]
[BlackTeam "Haslev Skakklub"]

1. c4 Nf6 2. Nc3 g6 3. e4 d6 4. d4 Bg7 5. Bd3 O-O 6. Nge2 Nbd7 7. f3 c6 8. O-O
a6 9. a4 a5 10. Be3 e5 11. Qd2 Ne8 12. g4 Nc7 13. Rad1 Qe7 14. Bc2 Rb8 15. d5
c5 16. Kg2 Nb6 17. b3 Ne8 18. Ng3 f6 19. Nce2 Ra8 20. h4 Bh8 21. Qe1 Nd7 22. g5
Rf7 23. Qd2 Nf8 24. Rh1 b6 25. Rdf1 f5 26. f4 Ra7 27. exf5 gxf5 28. fxe5 Bxe5
29. Bxf5 Bxg3 30. Bxc8 Be5 31. Qd3 Ng6 32. Be6 1-0

[Event "Koge Bugt Vinter 2010"]
[Site "Solrod"]
[Date "2010.01.27"]
[Round "2.4"]
[White "Nielsen, Kai Gylling"]
[Black "Hein, Jacob"]
[Result "1-0"]
[WhiteElo "1890"]
[BlackElo "1550"]
[PlyCount "75"]
[EventDate "2010.??.??"]
[WhiteTeam "Roskilde Skakklub"]
[BlackTeam "Espergærde Skakklub"]

1. Nf3 Nf6 2. d4 e6 3. c4 d5 4. Nc3 Bb4 5. Bg5 Nbd7 6. e3 h6 7. Bh4 c5 8. cxd5
Qa5 9. dxe6 fxe6 10. Qb3 Nd5 11. Rc1 O-O 12. Bd3 N7f6 13. O-O cxd4 14. Nxd4
Bxc3 15. bxc3 b6 16. Bg3 Bb7 17. Nxe6 Rf7 18. Bg6 Re7 19. Nd4 Kh8 20. Rfe1 Ne4
21. Bxe4 Rxe4 22. c4 Nb4 23. a3 Na6 24. f3 Re7 25. e4 Qc5 26. Bf2 Qg5 27. Nf5
Rd7 28. Be3 Qg6 29. Qb2 Re8 30. Bxh6 Nc5 31. Bxg7+ Kh7 32. Red1 Rd3 33. Qf6
Qxf6 34. Bxf6 Rxa3 35. Be7 Rg8 36. Bxc5 bxc5 37. Rd7+ Kg6 38. Ne7+ 1-0

[Event "Koge Bugt Vinter 2010"]
[Site "Solrod"]
[Date "2010.01.27"]
[Round "2.5"]
[White "Forsmann, Henning"]
[Black "Kirkebække, Mark"]
[Result "1-0"]
[WhiteElo "1770"]
[BlackElo "1355"]
[PlyCount "35"]
[EventDate "2010.??.??"]
[WhiteTeam "Solrød Skakklub"]
[BlackTeam "Tåstrup Skakforening"]

1. c4 c5 2. Nc3 Nc6 3. g3 g6 4. Bg2 Bg7 5. e3 e6 6. Nge2 Nge7 7. O-O d5 8. cxd5
exd5 9. d4 c4 10. e4 dxe4 11. Nxe4 Nxd4 12. Nxd4 Bxd4 13. Qa4+ Nc6 14. Qxc4 O-O
15. Bh6 Re8 16. Rad1 Qb6 17. Ng5 Re7 18. Bxc6 1-0

[Event "Koge Bugt Vinter 2010"]
[Site "Solrod"]
[Date "2010.01.27"]
[Round "2.6"]
[White "Jørgensen, Leif"]
[Black "Refsgaard, Kaj"]
[Result "0-1"]
[WhiteElo "1710"]
[BlackElo "1797"]
[PlyCount "68"]
[EventDate "2010.??.??"]
[WhiteTeam "Solrød Skakklub"]
[BlackTeam "Jernbanens Skakklub"]

1. d4 d5 2. c4 c6 3. e3 Nf6 4. Nc3 g6 5. Nf3 Bg7 6. cxd5 cxd5 7. Bb5+ Bd7 8.
Bxd7+ Nbxd7 9. O-O O-O 10. Re1 a6 11. Qb3 Nb6 12. Bd2 Rb8 13. Rac1 Nc4 14. e4
Nxd2 15. Nxd2 dxe4 16. Ndxe4 Qxd4 17. Rcd1 Qe5 18. Nxf6+ Qxf6 19. Rd7 Qc6 20.
Rdxe7 Qf6 21. Nd5 Qxb2 22. Qxb2 Bxb2 23. g3 Ba3 24. R1e3 Bc5 25. a4 Bxe3 26.
Nxe3 Rfd8 27. Rc7 b5 28. axb5 axb5 29. Rc1 b4 30. Rb1 b3 31. Kf1 Rd2 32. Ke1
Ra2 33. Nc4 Rc8 34. Nd2 b2 0-1

[Event "Koge Bugt Vinter 2010"]
[Site "Solrod"]
[Date "2010.01.27"]
[Round "2.7"]
[White "Jensen, Carsten"]
[Black "Johannsen, Bjørn"]
[Result "0-1"]
[WhiteElo "1109"]
[BlackElo "1553"]
[PlyCount "94"]
[EventDate "2010.??.??"]
[WhiteTeam "Enkeltmedlemmer"]
[BlackTeam "Haslev Skakklub"]

1. e4 e5 2. Nf3 Nc6 3. Bb5 d6 4. d3 h6 5. Be3 Bd7 6. c3 Nf6 7. h3 a6 8. Ba4 Be7
9. Nbd2 Rb8 10. b4 b5 11. Bc2 Qc8 12. a3 O-O 13. O-O d5 14. Bb3 dxe4 15. Nxe4
Nxe4 16. dxe4 Be6 17. Bxe6 Qxe6 18. Qd5 Qf6 19. Qd7 Rbc8 20. Qg4 Kh8 21. Rfd1
Rfd8 22. Rd5 Bd6 23. h4 Ne7 24. h5 Nxd5 25. exd5 Re8 26. Nh4 Rg8 27. Nf5 Rce8
28. Rf1 Kh7 29. Qh4 Qxh4 30. Nxh4 g6 31. hxg6+ fxg6 32. g4 Ref8 33. Kg2 Rg7 34.
Nf3 g5 35. Nh2 Rgf7 36. f3 Kg6 37. Bd2 Re8 38. Re1 e4 39. Rxe4 Rxe4 40. fxe4
Bxh2 41. Be3 Be5 42. Bd4 Bxd4 43. cxd4 Rf4 44. e5 Rxd4 45. Kf3 Rxd5 46. Ke4 c6
47. e6 Kf6 0-1

[Event "Koge Bugt Vinter 2010"]
[Site "Solrod"]
[Date "2010.01.27"]
[Round "2.8"]
[White "Meyer, Johannes S. August "]
[Black "Nielsen, Steen"]
[Result "1-0"]
[WhiteElo "1379"]
[BlackElo "1431"]
[PlyCount "79"]
[EventDate "2010.??.??"]
[WhiteTeam "Solrød Skakklub"]
[BlackTeam "Solrød Skakklub"]

1. g3 d5 2. Bg2 e6 3. d3 Nf6 4. Nf3 Be7 5. O-O O-O 6. c3 c5 7. Qc2 Nc6 8. Nbd2
Qc7 9. e4 b6 10. Re1 Bb7 11. Nf1 Rfd8 12. Bf4 Bd6 13. e5 Nxe5 14. Bxe5 Rac8 15.
Bxd6 Qxd6 16. a3 a5 17. Qd2 a4 18. d4 Nd7 19. Ne5 Nb8 20. Qd1 b5 21. Qh5 Qe7
22. Qe2 c4 23. Nd2 Bc6 24. Qh5 Be8 25. Qh4 Qxh4 26. gxh4 f6 27. Nef3 Bf7 28.
Bh3 Re8 29. Kh1 Nc6 30. Rg1 Rc7 31. Rg3 e5 32. Rag1 g6 33. dxe5 fxe5 34. Re1 d4
35. Ne4 Kh8 36. Nd6 Ree7 37. Ng5 d3 38. Ndxf7+ Rxf7 39. Nxf7+ Rxf7 40. Kg2 1-0

[Event "Koge Bugt Vinter 2010"]
[Site "Solrod"]
[Date "2010.02.10"]
[Round "3.1"]
[White "Nielsen, Jan Mose"]
[Black "Orup, Kim Amdi"]
[Result "1-0"]
[WhiteElo "2128"]
[BlackElo "1464"]
[PlyCount "105"]
[EventDate "2010.??.??"]

1. e4 e5 2. Bc4 Nf6 3. d4 d6 4. dxe5 dxe5 5. Bxf7+ Kxf7 6. Qxd8 Bb4+ 7. Qd2
Bxd2+ 8. Nxd2 Be6 9. Ngf3 Nc6 10. b3 h6 11. Bb2 Nd7 12. O-O-O Rhd8 13. Rhg1 b5
14. g4 a5 15. g5 a4 16. gxh6 gxh6 17. Rg3 axb3 18. axb3 Rg8 19. Nb1 Rxg3 20.
hxg3 Ke7 21. Nc3 Bg4 22. Nd5+ Kf7 23. Nxc7 Rc8 24. Nxb5 Nc5 25. Rd6 Nxb3+ 26.
Kb1 Bxf3 27. cxb3 Bxe4+ 28. Ka1 Ra8+ 29. Ba3 Kg7 30. Kb2 Rd8 31. Kc3 Rxd6 32.
Nxd6 Bf3 33. b4 Kf6 34. b5 Nd8 35. Kb4 Ke6 36. Kc5 Kd7 37. Kb6 h5 38. Ka7 Kc7
39. Nc4 Nf7 40. Bb2 Bd5 41. Nxe5 Nd6 42. b6+ Kc8 43. Ka6 Bb7+ 44. Ka5 Ne4 45.
Bd4 Nd6 46. Kb4 Be4 47. Bc5 Nf5 48. Nc4 h4 49. gxh4 Nxh4 50. Nd6+ Kb8 51. Nxe4
Kb7 52. Kb5 Ng6 53. Bd6 1-0

[Event "Koge Bugt Vinter 2010"]
[Site "Solrod"]
[Date "2010.02.10"]
[Round "3.3"]
[White "Johannsen, Bjørn"]
[Black "Larsen, Jan Robert"]
[Result "1/2-1/2"]
[WhiteElo "1553"]
[BlackElo "1788"]
[PlyCount "57"]
[EventDate "2010.??.??"]

1. c4 f5 2. Nf3 Nf6 3. d4 e6 4. Nc3 Be7 5. e3 O-O 6. Bd3 c6 7. Qc2 d5 8. a3 b6
9. Bd2 Ba6 10. b3 Bd6 11. h3 Qe7 12. Nb1 Nbd7 13. b4 Rac8 14. Qb3 Ne4 15. Be2
Qf6 16. Nc3 Qg6 17. Rg1 Ndf6 18. c5 Bxe2 19. Nxe2 bxc5 20. dxc5 Nxd2 21. Nxd2
Be5 22. Nd4 Ne4 23. N2f3 Bxd4 24. exd4 Qh6 25. Qd3 Qf4 26. Ke2 Rfe8 27. Raf1
Qc7 28. Ne5 Rb8 29. Rb1 1/2-1/2

[Event "Koge Bugt Vinter 2010"]
[Site "Solrod"]
[Date "2010.02.10"]
[Round "3.4"]
[White "Kirkebække, Mark"]
[Black "Nielsen, Kai Gylling"]
[Result "0-1"]
[WhiteElo "1355"]
[BlackElo "1890"]
[PlyCount "74"]
[EventDate "2010.??.??"]

1. e4 c5 2. d4 cxd4 3. Nf3 Nc6 4. Nxd4 g6 5. b3 Bg7 6. Bb2 e5 7. Nf3 Nge7 8.
Qd6 O-O 9. Bc4 h6 10. O-O Re8 11. Nbd2 Qa5 12. a3 b5 13. b4 Qb6 14. Bb3 Qb8 15.
Qxb8 Rxb8 16. c4 a5 17. cxb5 Rxb5 18. Nc4 Rb8 19. Ncxe5 Nxe5 20. Nxe5 Bxe5 21.
Bxe5 Rb5 22. Bd6 axb4 23. Bxb4 Nc6 24. Bc4 Rb6 25. Bc5 Rb2 26. f3 Na5 27. Bd5
Ba6 28. Rfb1 Rc2 29. Bd4 Rec8 30. Rb6 Nc6 31. Rxa6 Nxd4 32. Rxg6+ Kh7 33. Rd6
Rg8 34. e5 Rgxg2+ 35. Kf1 Rcf2+ 36. Ke1 Nc2+ 37. Kd1 Rf1# 0-1

[Event "Koge Bugt Vinter 2010"]
[Site "Solrod"]
[Date "2010.02.10"]
[Round "3.5"]
[White "Hansen, Erik Levin"]
[Black "Forsmann, Henning"]
[Result "0-1"]
[WhiteElo "1486"]
[BlackElo "1770"]
[PlyCount "88"]
[EventDate "2010.??.??"]

1. f4 Nf6 2. Nf3 g6 3. g3 Bg7 4. Bg2 d5 5. d3 O-O 6. O-O c5 7. c3 Nc6 8. Na3
Bg4 9. Ne5 Bf5 10. Qa4 Bd7 11. Nxd7 Qxd7 12. f5 a6 13. Qf4 e5 14. fxe6 fxe6 15.
Qh4 Ne7 16. e4 d4 17. c4 Rf7 18. Bg5 Raf8 19. Nc2 b5 20. b3 Nc6 21. Qf4 Nd5 22.
Qd2 Nc3 23. Rxf7 Rxf7 24. a3 bxc4 25. bxc4 Na5 26. Rf1 Nb3 27. Qe1 h6 28. Bd2
Nxd2 29. Qxd2 e5 30. Ne1 Rxf1+ 31. Kxf1 Qg4 32. Nf3 Kh7 33. Kf2 Bf6 34. Qc2 Qe6
35. Qb3 g5 36. Ng1 g4 37. Ne2 Nxe2 38. Kxe2 Bg5 39. Qb1 Kg6 40. Qb7 Qf6 41. a4
Be3 42. Kd1 Qf2 43. Qxa6+ Kh5 44. Qc8 Qd2# 0-1

[Event "Koge Bugt Vinter 2010"]
[Site "Solrod"]
[Date "2010.02.10"]
[Round "3.6"]
[White "Hein, Jacob"]
[Black "Sørensen, Aron Frank"]
[Result "0-1"]
[WhiteElo "1550"]
[BlackElo "1573"]
[PlyCount "66"]
[EventDate "2010.??.??"]

1. Nf3 d5 2. d4 Nf6 3. Nc3 e6 4. a3 Nbd7 5. Bf4 Be7 6. Nb5 e5 7. Nxe5 Nh5 8.
Ng6 Nxf4 9. Nxe7 Kxe7 10. Qd2 Ng6 11. e4 Nf6 12. exd5 Qxd5 13. Bd3 a6 14. Nc3
Qg5 15. O-O-O Qxd2+ 16. Rxd2 Rd8 17. d5 Nf4 18. Re1+ Kf8 19. Bf1 Bf5 20. Re5
Bg6 21. g3 N4h5 22. Bh3 Re8 23. f4 Rxe5 24. fxe5 Ne4 25. Nxe4 Bxe4 26. e6 Nf6
27. exf7 Bxd5 28. g4 g5 29. b3 Kxf7 30. Rf2 Re8 31. c4 Bc6 32. Kd2 Kg7 33. Kc2
Re3 0-1

[Event "Koge Bugt Vinter 2010"]
[Site "Solrod"]
[Date "2010.02.10"]
[Round "3.7"]
[White "Jørgensen, Leif"]
[Black "Jensen, Kaj T"]
[Result "1-0"]
[WhiteElo "1710"]
[BlackElo "1000"]
[PlyCount "80"]
[EventDate "2010.??.??"]

1. e4 e6 2. Nf3 Bc5 3. d4 Bb6 4. Nc3 Ne7 5. Bc4 c6 6. O-O O-O 7. Re1 d5 8. Bd3
Bc7 9. e5 a5 10. Ng5 Ng6 11. Qh5 h6 12. Nh3 Qh4 13. Bxg6 Qxh5 14. Bxh5 Nd7 15.
Be3 b5 16. a3 Ba6 17. Rad1 c5 18. dxc5 Nxe5 19. Bf4 f6 20. Be2 Rab8 21. b4 a4
22. f3 g5 23. Bc1 Ng6 24. Nxa4 bxa4 25. Bxa6 Rfd8 26. Rxe6 Be5 27. f4 gxf4 28.
Rf1 Kf7 29. Rb6 Rxb6 30. cxb6 Rd6 31. Bb5 Rxb6 32. Bxa4 d4 33. Nxf4 Bxf4 34.
Bxf4 Kg7 35. Bd2 Ne5 36. Bb3 Rd6 37. a4 d3 38. Bf4 d2 39. Rd1 Kg6 40. Rxd2 Rxd2
1-0

[Event "Koge Bugt Vinter 2010"]
[Site "Solrod"]
[Date "2010.02.10"]
[Round "3.8"]
[White "Thomsen, Heinrich Kirch"]
[Black "Pondal, Jesper"]
[Result "0-1"]
[WhiteElo "1240"]
[BlackElo "1821"]
[PlyCount "96"]
[EventDate "2010.??.??"]

1. e4 c5 2. Nf3 d6 3. d4 cxd4 4. Nxd4 Nf6 5. Nc3 e5 6. Nf3 Be6 7. Bg5 Nc6 8.
Bxf6 gxf6 9. Qd2 h5 10. Bb5 a6 11. Ba4 h4 12. Nd5 Rc8 13. c3 Bh6 14. Qd3 Bg5
15. Nxg5 fxg5 16. Qf3 Rh6 17. O-O-O b5 18. Bc2 Bxd5 19. Rxd5 Ne7 20. Rd2 Rc7
21. Rhd1 Nc8 22. Qf5 Qf6 23. Qxf6 Rxf6 24. f3 Ke7 25. Kb1 Nb6 26. Bb3 Rc5 27.
Bxf7 Kxf7 28. Rxd6 Rc6 29. Rxc6 Rxc6 30. Kc2 Ke7 31. b3 Rd6 32. Rxd6 Kxd6 33.
Kd3 Nd7 34. b4 Nf8 35. a4 bxa4 36. Kc2 Kc6 37. c4 Ne6 38. Kb2 Nf4 39. g3 hxg3
40. hxg3 Ne2 41. g4 Nd4 42. Ka3 Nxf3 43. Kxa4 Nd2 44. b5+ axb5+ 45. cxb5+ Kb6
46. Kb4 Nxe4 47. Kc4 Nf6 48. Kd3 Kxb5 0-1

[Event "Koge Bugt Vinter 2010"]
[Site "Solrod"]
[Date "2010.02.10"]
[Round "3.9"]
[White "Larsen, Poul M"]
[Black "Krog-Jensen, Werner"]
[Result "0-1"]
[WhiteElo "1537"]
[BlackElo "1424"]
[PlyCount "84"]
[EventDate "2010.??.??"]

1. d4 c5 2. d5 e5 3. e4 d6 4. c4 Nf6 5. Nc3 Be7 6. f4 exf4 7. Bxf4 O-O 8. Nf3
Bg4 9. Be2 Nbd7 10. O-O Nh5 11. Be3 Nhf6 12. Ne1 Bxe2 13. Qxe2 Ne5 14. Nd3 Nfd7
15. Bf4 Bf6 16. Nf2 Nb6 17. Bxe5 Bxe5 18. Rac1 Re8 19. Kh1 Qh4 20. Ng4 a6 21.
Qf3 Rf8 22. Nxe5 dxe5 23. b3 Nc8 24. Qf2 Qxf2 25. Rxf2 Nd6 26. g4 b5 27. cxb5
axb5 28. Nxb5 Nxb5 29. Rxc5 Nd6 30. Rc6 Rfd8 31. Re2 f6 32. Kg2 Kf7 33. Kf3 Ke7
34. Rc7+ Rd7 35. Rxd7+ Kxd7 36. a4 Rb8 37. Re3 Rb4 38. h4 Nb7 39. g5 Nc5 40.
Rc3 Nxb3 41. gxf6 gxf6 42. Kg4 Nd2 0-1

[Event "Koge Bugt Vinter 2010"]
[Site "Solrod"]
[Date "2010.02.17"]
[Round "4.1"]
[White "Krogh, Peter Ove"]
[Black "Nielsen, Jan Mose"]
[Result "0-1"]
[WhiteElo "1918"]
[BlackElo "2128"]
[PlyCount "60"]
[EventDate "2010.??.??"]
[WhiteTeam "Køge Skakklub"]
[BlackTeam "Tåstrup Skakforening"]

1. c4 e5 2. Nc3 f5 3. e3 Nf6 4. d4 d6 5. dxe5 dxe5 6. Qxd8+ Kxd8 7. Nf3 Nc6 8.
a3 h6 9. b4 e4 10. Nd4 Ne5 11. Bb2 c6 12. Na4 Bd6 13. Rd1 Ke7 14. Be2 Be6 15.
Nxe6 Kxe6 16. c5 Bc7 17. Bxe5 Bxe5 18. Bc4+ Ke7 19. Ke2 b5 20. cxb6 axb6 21.
Nxb6 Rxa3 22. f4 Bc7 23. Ra1 Rxa1 24. Rxa1 Bxb6 25. b5 cxb5 26. Bxb5 Rb8 27.
Bc4 Ng4 28. Rb1 Nxe3 29. Rxb6 Rxb6 30. Kxe3 Rb2 0-1

[Event "Koge Bugt Vinter 2010"]
[Site "Solrod"]
[Date "2010.02.17"]
[Round "4.2"]
[White "Forsmann, Henning"]
[Black "Jørgensen, Leif"]
[Result "1/2-1/2"]
[WhiteElo "1770"]
[BlackElo "1710"]
[PlyCount "122"]
[EventDate "2010.??.??"]
[WhiteTeam "Solrød Skakklub"]
[BlackTeam "Solrød Skakklub"]

1. c4 e5 2. Nc3 Nf6 3. g3 Bc5 4. Bg2 c6 5. e3 a6 6. Nf3 d6 7. d4 exd4 8. exd4
Bb4 9. O-O O-O 10. Qc2 Bxc3 11. Qxc3 Bf5 12. Bg5 Nbd7 13. Rfe1 Qc7 14. Bf4 Nh5
15. Be3 Rac8 16. h3 Be4 17. g4 Nhf6 18. Bf4 b6 19. Rad1 Bxf3 20. Qxf3 Rfe8 21.
g5 Rxe1+ 22. Rxe1 Ne8 23. Qg3 Nf8 24. Bd2 c5 25. d5 b5 26. b3 Ng6 27. f4 bxc4
28. bxc4 f6 29. h4 fxg5 30. hxg5 Rb8 31. Bc3 Qf7 32. Rf1 Ne7 33. Qh3 Nf5 34.
Be4 g6 35. Rf2 Rb7 36. Rg2 Neg7 37. Rh2 Ne8 38. Bxf5 Qxf5 39. Qxf5 gxf5 40. Re2
Kf7 41. Re6 Rb1+ 42. Re1 Rxe1+ 43. Bxe1 Kg6 44. Kf2 h6 45. gxh6 Kxh6 46. Ba5
Kh5 47. Kf3 Kg6 48. Bd8 Kh5 49. Kg3 Ng7 50. Be7 Ne8 51. a3 Kg6 52. Kh4 Kh6 53.
Bg5+ Kg6 54. Kg3 Ng7 55. Kf3 Kh5 56. Ke3 Kg4 57. Kd2 Kf3 58. Kc3 Ke2 59. Kb3
Kd3 60. Bf6 Ne8 61. Be7 Kd2 1/2-1/2